000 01376cam a22003254a 4500
001 12010636
003 ASKDFJRT
005 20220326193251.0
008 990802s1998 sp b s100 0 spa
010 _a 00316699
020 _a844821854X
035 _a(OCoLC)ocm42028332
040 _aDLC
_cDLC
042 _apcc
050 0 0 _aNX456
_b.C698 1998
082 _a707
_bC828c
100 _aG. Cortes, Jose Miguel
_9601
245 0 0 _aCrítica cultural y creación artística :
_bcoloquios contemporáneos /
_cJosé Miguel G. Cortés, coordinador.
260 _a[Valencia :
_bGeneralitat Valenciana, Direcció General de Promoció Cultural, Museus i Belles Arts,
_c1998]
300 _a251 p. ;
_c21 cm.
440 0 _aSigno abierto
_9602
504 _aIncludes bibliographical references.
650 0 _aArts, Modern
_y20th century
_vCongresses.
_9603
650 0 _aArte Moderno
_xcritica de arte
_xcreacion artistica
_xconferencias
_xarte y sociedad
_xs.XX
_9604
650 0 _aArts and society
_vCongresses.
_9605
700 1 _aCortés, José Miguel G.
_9606
710 2 _aConsellería de Cultura, Educación y Ciencia de la Generalidad Valenciana.
_bDirecció General de Promoció Cultural, Museus i Belles Arts.
_9607
906 _a7
_bcbc
_corigres
_d3
_encip
_f20
_gy-gencatlg
999 _c121
_d121